Je voudrais un bonhomme de neige-La Reine des Neige(Paroles) - Statistiques

Statistiques générales
  • Ce quiz a été pris 1 262 fois
  • Le résultat moyen est 116 sur 148
Statistiques - réponses
Paroles % Correct
bonhomme
100%
de
100%
Je
100%
je
100%
ne
100%
neige
100%
un
100%
voudrais
100%
à
97%
moi
94%
ou
92%
et
91%
Anna Elsa
90%
avec
88%
jouer
88%
se
88%
la
86%
Tu
86%
me
85%
que
85%
Que
85%
pour
84%
te
84%
Anna
82%
suis
82%
en
81%
le
81%
plus
81%
Plus
81%
dans
80%
mais
79%
Mais
79%
qui
79%
du
77%
seule
77%
toi
77%
on
76%
On
76%
une
76%
viens
76%
compagnie
75%
faire
75%
manque
75%
Nous
75%
nous
75%
parle
75%
Anna Pense
75%
aux
74%
les
74%
Oui
74%
vélo
74%
voit
74%
c'est
73%
cours
73%
m'ennuie
73%
pourquoi
73%
Pourquoi
73%
fille
72%
fini
71%
j'ai
71%
sœurs
71%
amies
70%
étions
70%
n'es
70%
murs
69%
plaît
69%
s'il
69%
vraiment
69%
heures
68%
caches
67%
passent
67%
restes
67%
savoir
67%
Dis
66%
glace
66%
j'attends
66%
m'entourent
65%
J'aimerais
64%
ses
64%
Elsa Va-t'en
62%
portraits
58%
fais-tu
56%
dit
54%
besoin
53%
porte
52%
tout
52%
quel
51%
avenir
50%
famille
50%
cette
49%
n'avons
49%
oublier
49%
personne
49%
aucune
48%
temps
48%
enfermée
46%
ouvrir
44%
arrange
43%
Oh
43%
restes-tu
43%
Peux-tu
41%
sois
40%
forte
39%
Aucun quiz correspondant
Distribution des résultats
% des personnes avec chaque résultat
Percentile par nombre de réponses
Votre historique - résultats
Vous n’avez pas pris ce quiz